000
00317nam a2200121Ia 4500
008
191201s2019 xx 000 0 und d
100
_a
GOKHELE, S V
245
0
_a
Chemical Process Table III Yarn Package Dyeing
260
_a
N.Delhi
_b
The Textile Association
300
_a
24
650
_a
B.Tech(TE)
942
_2
ddc
_c
BK
999
_c
3452
_d
3452